| 000 | 00627nam a2200229Ia 4500 | ||
|---|---|---|---|
| 003 | BUBTL | ||
| 008 | 151213s9999 xx 000 0 und d | ||
| 020 | _a8175341234 | ||
| 082 | _a341.2/ B678i/ 2001 | ||
| 100 |
_aBowett, D. W. _94291 |
||
| 245 |
_aThe Law of International Institutions/ _cD. W. Bowett |
||
| 250 | _a4th | ||
| 260 |
_aNew Delhi _bUniversal Law Publishing Pvt. Ltd. _cc2001 |
||
| 300 |
_a[xiv], 431p. : _c22cm. |
||
| 500 | _aIncludes Index. | ||
| 650 | _aLaw | ||
| 650 |
_aLaw _94292 |
||
| 700 |
_aD.W.Bowett _94293 |
||
| 856 |
_k0 _l0 _yDownload |
||
| 942 |
_2ddc _cBK |
||
| 999 |
_c3189 _d3189 |
||